[Event "Olympiad Women-35"]
[Site "Bled"]
[Date "2002.11.10"]
[Round "14.2"]
[White "Prudnikova, Svetlana"]
[Black "Ioseliani, Nana"]
[Result "1/2-1/2"]
[WhiteElo "2407"]
[BlackElo "2491"]
[PlyCount "86"]
[EventDate "2002.10.26"]
[EventType "team-swiss"]
[EventRounds "14"]
[EventCountry "SLO"]
[SourceTitle "EXT 2003"]
[Source "ChessBase"]
[SourceDate "2002.11.25"]
[SourceVersion "1"]
[SourceVersionDate "2002.11.25"]
[SourceQuality "1"]
[WhiteTeam "Yugoslavia (W)"]
[BlackTeam "Georgia (W)"]
[WhiteTeamCountry "YUG"]
[BlackTeamCountry "GEO"]

1. d4 Nf6 2. g3 d5 3. Bg2 e6 4. c4 Bb4+ 5. Bd2 Be7 6. Nf3 0-0 7. 0-0 c6 8. Qc2 b6 9. Rd1 Ba6 10. Ne5 Nfd7 11. cxd5 Nxe5 12. dxe5 cxd5 13. Bf4 Qd7 14. Nc3 Rc8 15. Rac1 Bb7 16. h4 Nc6 17. Qd2 Rd8 18. e3 Rac8 19. Qe2 Qe8 20. h5 h6 21. Qg4 Kh8 22. Qe2 Na5 23. g4 Nc4 24. Nb1 f6 25. exf6 Bxf6 26. b3 Nb2 27. Rf1 Rxc1 28. Rxc1 Rc8 29. e4 dxe4 30. Bxe4 Rxc1+ 31. Bxc1 Bxe4 32. Qxe4 Qd7 33. Qa8+ Kh7 34. Qe4+ Kg8 35. Kg2 Nd3 36. Be3 Qd5 37. Qxd5 exd5 38. f4 Nb4 39. a4 Nc2 40. Kf3 Kf7 41. Ke2 Bb2 42. Bf2 Na1 43. b4 Nc2 1/2-1/2

[Event "Olympiad Women-35"]
[Site "Bled"]
[Date "2002.11.02"]
[Round "8.2"]
[White "Xu, Yuhua"]
[Black "Ioseliani, Nana"]
[Result "1/2-1/2"]
[WhiteElo "2473"]
[BlackElo "2491"]
[PlyCount "112"]
[EventDate "2002.10.26"]
[EventType "team-swiss"]
[EventRounds "14"]
[EventCountry "SLO"]
[SourceTitle "EXT 2003"]
[Source "ChessBase"]
[SourceDate "2002.11.25"]
[SourceVersion "1"]
[SourceVersionDate "2002.11.25"]
[SourceQuality "1"]
[WhiteTeam "China (W)"]
[BlackTeam "Georgia (W)"]
[WhiteTeamCountry "CHN"]
[BlackTeamCountry "GEO"]

1. e4 c6 2. d4 d5 3. Nc3 dxe4 4. Nxe4 Bf5 5. Ng3 Bg6 6. h4 h6 7. Nf3 Nd7 8. h5 Bh7 9. Bd3 Bxd3 10. Qxd3 e6 11. Bd2 Ngf6 12. 0-0-0 Be7 13. Kb1 0-0 14. Ne4 c5 15. dxc5 Nxc5 16. Nxf6+ Bxf6 17. Qb5 Qc7 18. Be3 Rac8 19. g4 Ne4 20. Qd3 Qc4 21. a3 b6 22. Rhe1 Qxd3 23. Rxd3 Nc5 24. Rd2 Rfd8 25. Red1 Rxd2 26. Rxd2 Kf8 27. Nd4 Ne4 28. Rd3 Nc5 29. Rc3 Rd8 30. Rc4 Bxd4 31. Bxd4 Ne4 32. Kc1 Nd6 33. Rc6 f6 34. Bc3 Ne4 35. Bb4+ Kg8 36. f3 Ng5 37. f4 Nh3 38. Rxe6 Nxf4 39. Re4 Nh3 40. Bd2 Kf7 41. Be3 Ng5 42. Rc4 Rd7 43. b4 Nf3 44. a4 Ne5 45. Re4 Ke6 46. c4 Rc7 47. c5 bxc5 48. Bxc5 a5 49. Kd2 axb4 50. Bxb4 Kd5 51. Ke3 Nc4+ 52. Kf4 Ra7 53. Bf8 Rf7 54. Bb4 Ra7 55. Bf8 Rf7 56. Bb4 Ra7 1/2-1/2

[Event "Olympiad Women-35"]
[Site "Bled"]
[Date "2002.10.30"]
[Round "5.1"]
[White "Ioseliani, Nana"]
[Black "Vijayalakshmi, Subbaraman"]
[Result "1-0"]
[WhiteElo "2491"]
[BlackElo "2394"]
[PlyCount "69"]
[EventDate "2002.10.26"]
[EventType "team-swiss"]
[EventRounds "14"]
[EventCountry "SLO"]
[SourceTitle "EXT 2003"]
[Source "ChessBase"]
[SourceDate "2002.11.25"]
[SourceVersion "1"]
[SourceVersionDate "2002.11.25"]
[SourceQuality "1"]
[WhiteTeam "Georgia (W)"]
[BlackTeam "India (W)"]
[WhiteTeamCountry "GEO"]
[BlackTeamCountry "IND"]

1. d4 Nf6 2. c4 e6 3. Nf3 b6 4. e3 Bb7 5. Nc3 d5 6. cxd5 Nxd5 7. Bb5+ c6 8. Bd3 g6 9. 0-0 Bg7 10. e4 Nxc3 11. bxc3 0-0 12. Bg5 Qc8 13. Qd2 Ba6 14. Bxa6 Qxa6 15. Bh6 Nd7 16. e5 Qa5 17. Rfe1 Rfd8 18. Bg5 Re8 19. h4 h5 20. Qf4 Qxc3 21. Rac1 Qa3 22. Rxc6 Rec8 23. Rec1 Rxc6 24. Rxc6 Qxa2 25. Rc7 Qd5 26. Be7 Re8 27. Bd6 Qb5 28. Rxa7 f6 29. Qe4 Kh7 30. Qb7 Rd8 31. Qc7 Qb1+ 32. Kh2 Qe4 33. Qxd8 Qf4+ 34. Kh1 Qc1+ 35. Ng1 1-0

[Event "Olympiad Women-35"]
[Site "Bled"]
[Date "2002.10.28"]
[Round "3.2"]
[White "Baginskaite, Camilla"]
[Black "Ioseliani, Nana"]
[Result "1/2-1/2"]
[WhiteElo "2365"]
[BlackElo "2491"]
[PlyCount "62"]
[EventDate "2002.10.26"]
[EventType "team-swiss"]
[EventRounds "14"]
[EventCountry "SLO"]
[SourceTitle "EXT 2003"]
[Source "ChessBase"]
[SourceDate "2002.11.25"]
[SourceVersion "1"]
[SourceVersionDate "2002.11.25"]
[SourceQuality "1"]
[WhiteTeam "United States (W)"]
[BlackTeam "Georgia (W)"]
[WhiteTeamCountry "USA"]
[BlackTeamCountry "GEO"]

1. d4 Nf6 2. c4 e6 3. Nf3 b6 4. a3 Ba6 5. Qc2 Bb7 6. Nc3 c5 7. e4 cxd4 8. Nxd4 Nc6 9. Nxc6 Bxc6 10. Be2 Qb8 11. Bg5 Bd6 12. Bxf6 gxf6 13. 0-0-0 Be5 14. Bd3 Qc7 15. g3 0-0-0 16. f4 Bd4 17. Rhf1 Kb8 18. Kb1 h5 19. b4 f5 20. exf5 h4 21. g4 h3 22. Nb5 Bxb5 23. cxb5 Rc8 24. Qxc7+ Rxc7 25. Rc1 Rxc1+ 26. Kxc1 Rh4 27. fxe6 dxe6 28. Be2 f5 29. gxf5 Be3+ 30. Kc2 exf5 31. Bd3 Bxf4 1/2-1/2

[Event "FIDE World Cup-C (Women)"]
[Site "Hyderabad"]
[Date "2002.10.13"]
[Round "4"]
[White "Kosteniuk, Alexandra"]
[Black "Ioseliani, Nana"]
[Result "1-0"]
[WhiteElo "2455"]
[BlackElo "2491"]
[PlyCount "57"]
[EventDate "2002.10.05"]
[EventType "tourn"]
[EventRounds "5"]
[EventCountry "IND"]
[EventCategory "7"]
[SourceTitle "CBM 090 Extra"]
[Source "ChessBase"]
[SourceDate "2002.11.07"]
[SourceVersion "1"]
[SourceVersionDate "2002.11.07"]
[SourceQuality "1"]

1. e4 c6 2. d4 d5 3. e5 Bf5 4. Nc3 e6 5. g4 Bg6 6. Nge2 c5 7. Be3 Nc6 8. f4 a6 9. h4 h6 10. dxc5 Be7 11. h5 Bh7 12. Bg2 Qc7 13. a3 f6 14. Nd4 Nxd4 15. Qxd4 fxe5 16. fxe5 Rc8 17. b4 Qd8 18. 0-0 Bg5 19. Rf2 Ne7 20. Bxg5 hxg5 21. Raf1 Nc6 22. Qe3 Rc7 23. Na4 d4 24. Qf3 Nxe5 25. Qe2 Nf7 26. Qxe6+ Re7 27. Qb3 Ne5 28. Nb6 Nc6 29. Qf3 1-0

[Event "Amsterdam Klompendans"]
[Site "Amsterdam"]
[Date "2001.11.03"]
[Round "10"]
[White "Hort, Vlastimil"]
[Black "Ioseliani, Nana"]
[Result "1/2-1/2"]
[WhiteElo "2519"]
[BlackElo "2497"]
[PlyCount "42"]
[EventDate "2001.10.23"]
[EventType "schev"]
[EventRounds "10"]
[EventCountry "NED"]
[SourceTitle "EXT 2002"]
[Source "ChessBase"]
[SourceDate "2001.11.25"]
[SourceVersion "1"]
[SourceVersionDate "2001.11.25"]
[SourceQuality "1"]

1. d4 d5 2. c4 e6 3. Nc3 Be7 4. cxd5 exd5 5. Bf4 c6 6. e3 Bd6 7. Bg3 Ne7 8. Nf3 Bxg3 9. hxg3 Bf5 10. Nh4 Be6 11. Bd3 Nd7 12. Qf3 Nf6 13. Nf5 Nxf5 14. Bxf5 Bxf5 15. Qxf5 Qd7 16. Qf4 h6 17. 0-0-0 0-0-0 18. Kb1 Qg4 19. Qf3 Rhe8 20. Qxg4+ Nxg4 21. Rd2 Nf6 1/2-1/2

[Event "Amsterdam Klompendans"]
[Site "Amsterdam"]
[Date "2001.10.28"]
[Round "5"]
[White "Ioseliani, Nana"]
[Black "Hort, Vlastimil"]
[Result "1-0"]
[WhiteElo "2497"]
[BlackElo "2519"]
[PlyCount "113"]
[EventDate "2001.10.23"]
[EventType "schev"]
[EventRounds "10"]
[EventCountry "NED"]
[SourceTitle "EXT 2002"]
[Source "ChessBase"]
[SourceDate "2001.11.25"]
[SourceVersion "1"]
[SourceVersionDate "2001.11.25"]
[SourceQuality "1"]

1. d4 d5 2. c4 dxc4 3. e3 Nf6 4. Bxc4 e6 5. Nf3 a6 6. 0-0 c5 7. Bd3 Nbd7 8. Re1 Be7 9. e4 cxd4 10. e5 Nd5 11. Nxd4 Qb6 12. Nf3 Nc5 13. Bc4 Qd8 14. Bxd5 Qxd5 15. Qxd5 exd5 16. Nc3 Be6 17. Rd1 Rd8 18. Be3 0-0 19. Rac1 Rfe8 20. h3 g6 21. Nd4 Nd7 22. f4 h5 23. Nb3 Nb8 24. Bb6 Rd7 25. Na4 Bf8 26. Nac5 Rde7 27. Na5 Nd7 28. Nxe6 fxe6 29. Be3 Nb8 30. h4 Rd7 31. a3 Be7 32. g3 Bd8 33. Nb3 Nc6 34. Kf2 Na5 35. Nxa5 Bxa5 36. b4 Bc7 37. Bd4 Rc8 38. Rc2 Kf7 39. Rdc1 Ke7 40. Kf3 Kd8 41. g4 hxg4+ 42. Kxg4 Rh7 43. Bb6 Rd7 44. Kf3 Rf7 45. a4 Re7 46. b5 axb5 47. axb5 Rf7 48. Ba5 Bxa5 49. Rxc8+ Kd7 50. R1c2 d4 51. Rb8 d3 52. Rxb7+ Kd8 53. Rb8+ Kd7 54. Ra2 Bc7 55. Rb7 Kc8 56. Raa7 d2 57. Ke2 1-0

[Event "Amsterdam Klompendans"]
[Site "Amsterdam"]
[Date "2001.10.24"]
[Round "2"]
[White "Kortschnoj, Viktor Lvovich"]
[Black "Ioseliani, Nana"]
[Result "1/2-1/2"]
[WhiteElo "2639"]
[BlackElo "2497"]
[PlyCount "186"]
[EventDate "2001.10.23"]
[EventType "schev"]
[EventRounds "10"]
[EventCountry "NED"]
[SourceTitle "EXT 2002"]
[Source "ChessBase"]
[SourceDate "2001.11.25"]
[SourceVersion "1"]
[SourceVersionDate "2001.11.25"]
[SourceQuality "1"]

1. d4 d5 2. c4 e6 3. Nc3 Be7 4. Nf3 Nf6 5. Bf4 0-0 6. e3 Nbd7 7. h3 c5 8. Rc1 a6 9. cxd5 Nxd5 10. Nxd5 exd5 11. dxc5 Nxc5 12. a3 Ne6 13. Be5 Bf6 14. Bc3 Bxc3+ 15. Rxc3 Ng5 16. Be2 Be6 17. 0-0 Ne4 18. Rb3 Qe7 19. Rb4 Rac8 20. Bd3 Rfd8 21. Rd4 Qf6 22. Bb1 g6 23. Qe2 Nd6 24. Ba2 Nc4 25. Rfd1 b5 26. Ne1 Bf5 27. g4 Be6 28. Nd3 h5 29. Kg2 hxg4 30. hxg4 Kg7 31. Qf3 Qxf3+ 32. Kxf3 Rh8 33. Kg3 g5 34. b4 Rh4 35. Bxc4 Rxc4 36. Ne5 Rxd4 37. Rxd4 Rh1 38. Nf3 Kf6 39. Rd3 Rc1 40. Kh3 Rh1+ 41. Kg2 Rc1 42. Kg3 Rb1 43. Rc3 Ra1 44. Nd4 Bd7 45. Rc7 Be6 46. Rc3 Bd7 47. f3 Ke5 48. Ne2 Kd6 49. Rd3 Ke5 50. Kf2 Ra2 51. Rc3 Kd6 52. Ke1 f5 53. Nc1 Rh2 54. gxf5 Bxf5 55. Nb3 g4 56. Nd4 Bd7 57. fxg4 Rg2 58. Rc2 Rg1+ 59. Kf2 Rxg4 60. Kf3 Rg6 61. Rh2 Rf6+ 62. Ke2 Bg4+ 63. Kd3 Ke5 64. Rh7 Kd6 65. Rg7 Bd1 66. Ra7 Ke5 67. Rc7 Bg4 68. Rc6 Bf5+ 69. Kd2 Rxc6 70. Nxc6+ Kd6 71. Nd4 Ke5 72. Nb3 Bc8 73. Kd3 Bf5+ 74. Kc3 Ke4 75. Kd2 Ke5 76. Ke2 Bg4+ 77. Kd3 Bf5+ 78. Kd2 Bh3 79. Nc5 d4 80. Nd3+ Kd6 81. exd4 Bc8 82. Nc5 Kd5 83. Ke3 Kc4 84. Ke4 Kc3 85. d5 Kc4 86. d6 a5 87. Na6 Kb3 88. bxa5 Ka4 89. Nc5+ Kxa5 90. Kd4 b4 91. a4 b3 92. Kc3 b2 93. Kxb2 Kb4 1/2-1/2

[Event "EUR-ASIA m 30' (Women)"]
[Site "Batumi"]
[Date "2001.09.19"]
[Round "7"]
[White "Ioseliani, Nana"]
[Black "Zhu, Chen"]
[Result "1-0"]
[WhiteElo "2497"]
[BlackElo "2497"]
[PlyCount "79"]
[EventDate "2001.09.17"]
[EventType "team (rapid)"]
[EventRounds "8"]
[EventCountry "GEO"]
[SourceTitle "CBM 086"]
[Source "ChessBase"]
[SourceDate "2002.02.05"]
[SourceVersion "1"]
[SourceVersionDate "2002.02.05"]
[SourceQuality "1"]

1. c4 c5 2. Nc3 Nc6 3. g3 g6 4. Nf3 Bg7 5. Bg2 e6 6. 0-0 Nge7 7. d3 0-0 8. Be3 d6 9. Qc1 Re8 10. Bh6 Bh8 11. e4 a6 12. Qf4 Ne5 13. Nxe5 dxe5 14. Qe3 b6 15. f4 Ra7 16. Qf3 Nc6 17. Rad1 Nd4 18. Qg4 b5 19. h4 b4 20. Na4 f5 21. Qh3 Nc2 22. fxe5 Bd7 23. Nxc5 Qb6 24. d4 Bxe5 25. dxe5 Qxc5+ 26. Kh1 Qxc4 27. exf5 gxf5 28. Rf4 Qe2 29. Bf3 Qxe5 30. Rc4 Qxb2 31. Qg2 Ba4 32. Rd2 Qa1+ 33. Rd1 Qxa2 34. Qe2 Qb2 35. Rd2 Qf6 36. Bg5 Qa1+ 37. Rd1 Qb2 38. Rc8 Qb3 39. Bd5 Qxg3 40. Qxe6+ 1-0

[Event "EUR-ASIA m 30' (Women)"]
[Site "Batumi"]
[Date "2001.09.19"]
[Round "8"]
[White "Zhu, Chen"]
[Black "Ioseliani, Nana"]
[Result "1/2-1/2"]
[WhiteElo "2497"]
[BlackElo "2497"]
[PlyCount "106"]
[EventDate "2001.09.17"]
[EventType "team (rapid)"]
[EventRounds "8"]
[EventCountry "GEO"]
[SourceTitle "CBM 086"]
[Source "ChessBase"]
[SourceDate "2002.02.05"]
[SourceVersion "1"]
[SourceVersionDate "2002.02.05"]
[SourceQuality "1"]

1. d4 Nf6 2. c4 e6 3. Nf3 b6 4. g3 Ba6 5. b3 Bb7 6. Bg2 Bb4+ 7. Bd2 a5 8. 0-0 0-0 9. Qc2 d5 10. Bg5 Be7 11. cxd5 exd5 12. Ne5 c5 13. Nc3 Na6 14. Rad1 h6 15. Bf4 cxd4 16. Nb5 Rc8 17. Qb2 Nh5 18. Nxd4 Nxf4 19. gxf4 Bf6 20. e4 Bxe5 21. fxe5 Rc5 22. Nf5 Qc7 23. exd5 Nb4 24. d6 Qd7 25. Ne7+ Kh8 26. Bxb7 Qxb7 27. Qd4 Nc6 28. Qe4 Qd7 29. Nxc6 Rxc6 30. Rd3 Rfc8 31. Rfd1 Rc5 32. Kg2 Re8 33. Rd5 Qc6 34. d7 Rd8 35. Qf3 Qg6+ 36. Kf1 Rxd5 37. Rxd5 Qb1+ 38. Rd1 Qc2 39. Rd6 Kg8 40. a4 Qc1+ 41. Kg2 Qg5+ 42. Qg3 Qe7 43. Rxh6 Qxd7 44. Rd6 Qb7+ 45. Qf3 Qe7 46. Qf4 Qb7+ 47. Kg3 Re8 48. h4 Qh1 49. Rd7 Qg1+ 50. Kf3 Qh1+ 51. Ke2 Rf8 52. Qg4 Qc6 53. Rd2 Re8 1/2-1/2

[Event "EUR-ASIA m 30' (Women)"]
[Site "Batumi"]
[Date "2001.09.18"]
[Round "5"]
[White "Hoang, Thanh Trang"]
[Black "Ioseliani, Nana"]
[Result "1-0"]
[WhiteElo "2445"]
[BlackElo "2497"]
[PlyCount "119"]
[EventDate "2001.09.17"]
[EventType "team (rapid)"]
[EventRounds "8"]
[EventCountry "GEO"]
[SourceTitle "CBM 086"]
[Source "ChessBase"]
[SourceDate "2002.02.05"]
[SourceVersion "1"]
[SourceVersionDate "2002.02.05"]
[SourceQuality "1"]

1. d4 d5 2. c4 e6 3. Nc3 c6 4. e3 Nf6 5. Nf3 Nbd7 6. Bd3 Bd6 7. 0-0 0-0 8. e4 dxe4 9. Nxe4 Nxe4 10. Bxe4 Nf6 11. Bc2 c5 12. dxc5 Bxc5 13. Bg5 h6 14. Bh4 Qxd1 15. Rfxd1 b6 16. Ne5 g5 17. Bg3 Bb7 18. Nd7 Nxd7 19. Rxd7 Bc6 20. Rc7 Rfc8 21. Rxc6 Rxc6 22. Be4 Rac8 23. Bxc6 Rxc6 24. Rd1 Be7 25. b3 Bf6 26. Kf1 Kf8 27. Rd7 a5 28. f3 Ke8 29. Rb7 Bd4 30. Bf2 Bxf2 31. Kxf2 Kf8 32. Ke3 Kg7 33. Ke4 Kf6 34. Rd7 a4 35. Kd4 axb3 36. axb3 h5 37. b4 Rc8 38. Rd6 Rb8 39. Rd7 Rc8 40. b5 e5+ 41. Kc3 Rb8 42. Rd6+ Kf5 43. Kb4 g4 44. c5 bxc5+ 45. Kxc5 gxf3 46. gxf3 e4 47. fxe4+ Kxe4 48. Rf6 Rc8+ 49. Kd6 Rc2 50. h4 Rd2+ 51. Kc7 Rc2+ 52. Rc6 Rb2 53. b6 f5 54. b7 Rxb7+ 55. Kxb7 f4 56. Rf6 f3 57. Kc6 Ke3 58. Kd5 f2 59. Ke5 Ke2 60. Rf4 1-0

[Event "SUFE Cup 2nd"]
[Site "Shanghai"]
[Date "2001.06.02"]
[Round "6"]
[White "Ioseliani, Nana"]
[Black "Wang, Pin"]
[Result "0-1"]
[WhiteElo "2499"]
[BlackElo "2504"]
[PlyCount "72"]
[EventDate "2001.05.31"]
[EventType "schev (rapid)"]
[EventRounds "12"]
[EventCountry "CHN"]
[SourceTitle "CBM 082 Extra"]
[Source "ChessBase"]
[SourceDate "2001.07.03"]
[SourceVersion "1"]
[SourceVersionDate "2001.07.03"]
[SourceQuality "1"]

1. d4 Nf6 2. Nf3 g6 3. g3 Bg7 4. Bg2 0-0 5. b3 c5 6. 0-0 d5 7. Bb2 Ne4 8. e3 Nc6 9. Ne5 cxd4 10. exd4 Bf5 11. Nxc6 bxc6 12. Qe2 c5 13. Rd1 Qc7 14. c4 cxd4 15. Bxd4 Bxd4 16. Rxd4 Rad8 17. Na3 Nc3 18. Qe3 e5 19. Rh4 d4 20. Qd2 Qe7 21. Nc2 g5 22. Rh5 f6 23. Re1 Bg4 24. Rh3 Qd7 25. Rh6 Qg7 26. Rh3 Qd7 27. Rh6 Kg7 28. h4 Kxh6 29. hxg5+ fxg5 30. Rxe5 Rf5 31. Re1 Ne2+ 32. Rxe2 Bxe2 33. Be4 Bf3 34. Qd3 Bxe4 35. Qxe4 Re8 36. Qg4 d3 0-1

[Event "SUFE Cup 2nd"]
[Site "Shanghai"]
[Date "2001.06.01"]
[Round "3"]
[White "Xie, Jun"]
[Black "Ioseliani, Nana"]
[Result "1/2-1/2"]
[WhiteElo "2557"]
[BlackElo "2499"]
[PlyCount "50"]
[EventDate "2001.05.31"]
[EventType "schev (rapid)"]
[EventRounds "12"]
[EventCountry "CHN"]
[SourceTitle "CBM 082 Extra"]
[Source "ChessBase"]
[SourceDate "2001.07.03"]
[SourceVersion "1"]
[SourceVersionDate "2001.07.03"]
[SourceQuality "1"]

1. e4 c5 2. Nf3 e6 3. d4 cxd4 4. Nxd4 a6 5. Bd3 Qc7 6. c4 Nf6 7. Nc3 Be7 8. 0-0 d6 9. Kh1 Nbd7 10. Be3 b6 11. Rc1 Bb7 12. f3 0-0 13. Qd2 Rac8 14. Rfd1 Qb8 15. Bf1 Rfe8 16. Bf2 Bd8 17. Nc2 Bc7 18. Ne3 d5 19. cxd5 Bxh2 20. d6 Bf4 21. g3 Bh6 22. Bg2 g6 23. Rc2 Red8 24. Qe2 b5 25. a3 Qa8 1/2-1/2

[Event "BL2-Ost 0001"]
[Site "Germany"]
[Date "2001.04.01"]
[Round "8.1"]
[White "Ioseliani, Nana"]
[Black "Ginsburg, Gennadij"]
[Result "0-1"]
[WhiteElo "2476"]
[BlackElo "2487"]
[PlyCount "60"]
[EventDate "2000.10.15"]
[EventType "team-tourn"]
[EventRounds "9"]
[EventCountry "GER"]
[SourceTitle "CBM 082 Extra"]
[Source "ChessBase"]
[SourceDate "2001.07.03"]
[SourceVersion "1"]
[SourceVersionDate "2001.07.03"]
[SourceQuality "1"]
[WhiteTeam "Bamberg"]
[BlackTeam "Hofheim"]
[WhiteTeamCountry "GER"]
[BlackTeamCountry "GER"]

1. d4 d5 2. c4 Nc6 3. cxd5 Qxd5 4. e3 e5 5. Nc3 Bb4 6. Bd2 Bxc3 7. bxc3 Nf6 8. f3 0-0 9. Qc2 Re8 10. Be2 e4 11. f4 Bg4 12. Bxg4 Nxg4 13. h3 Nf6 14. c4 Qh5 15. Ne2 Ne7 16. Kf2 c6 17. Rag1 b5 18. g4 Qh4+ 19. Kf1 bxc4 20. Be1 Nfd5 21. Qxe4 Qf6 22. Bf2 Ng6 23. Qf3 Qe7 24. f5 Nh4 25. Qg3 Rab8 26. Nc1 Rb1 27. Qxh4 Nxe3+ 28. Ke2 Rb2+ 29. Kf3 Qe4+ 30. Kg3 Rxf2 0-1

[Event "BL 0001 (Women)"]
[Site "Germany"]
[Date "2001.??.??"]
[Round "9.1"]
[White "Michna, Marta"]
[Black "Ioseliani, Nana"]
[Result "1/2-1/2"]
[WhiteElo "2376"]
[BlackElo "2476"]
[PlyCount "64"]
[EventDate "2000.10.??"]
[EventType "team-tourn"]
[EventRounds "11"]
[EventCountry "GER"]
[SourceTitle "CBM 082 Extra"]
[Source "ChessBase"]
[SourceDate "2001.07.03"]
[SourceVersion "1"]
[SourceVersionDate "2001.07.03"]
[SourceQuality "1"]
[WhiteTeam "Hamburger SK (W)"]
[BlackTeam "Halle USV (W)"]
[WhiteTeamCountry "GER"]
[BlackTeamCountry "GER"]

1. d4 Nf6 2. Nf3 e6 3. e3 b6 4. Bd3 Bb7 5. Nbd2 d5 6. 0-0 Be7 7. b3 0-0 8. c4 c5 9. dxc5 bxc5 10. cxd5 exd5 11. Bb2 Nc6 12. a3 Qb6 13. Qc2 h6 14. Rac1 Na5 15. b4 cxb4 16. Bd4 Qd8 17. axb4 Nc6 18. b5 Nb4 19. Qb1 Bd6 20. Nb3 Ne4 21. Nc5 Nxc5 22. Bxc5 Nxd3 23. Qxd3 a6 24. Bxd6 Qxd6 25. Nd4 axb5 26. Nxb5 Qb6 27. Nc7 Ra5 28. Qb1 Qxb1 29. Rxb1 Ba6 30. Nxa6 Rxa6 31. Rfd1 Ra5 32. Kf1 Rc8 1/2-1/2

[Event "World-ch (Women) k.o."]
[Site "New Delhi"]
[Date "2000.12.01"]
[Round "2.2"]
[White "Koskela, Niina"]
[Black "Ioseliani, Nana"]
[Result "1/2-1/2"]
[WhiteElo "2191"]
[BlackElo "2476"]
[PlyCount "91"]
[EventDate "2000.11.27"]
[EventType "k.o."]
[EventRounds "6"]
[EventCountry "IND"]
[SourceTitle "CBM 079 Extra"]
[Source "ChessBase"]
[SourceDate "2001.01.11"]
[SourceVersion "2"]
[SourceVersionDate "2001.01.25"]
[SourceQuality "1"]

1. e4 c5 2. Nf3 d6 3. d4 cxd4 4. Nxd4 Nf6 5. Nc3 Nc6 6. Be2 e6 7. 0-0 Be7 8. Kh1 a6 9. f4 0-0 10. Be3 Bd7 11. Bd3 Qc7 12. Nf3 b5 13. a3 b4 14. Ne2 bxa3 15. bxa3 e5 16. Qe1 Rfe8 17. Nc3 exf4 18. Bxf4 Ne5 19. Nd4 Rac8 20. Nce2 Nxd3 21. cxd3 Qc5 22. Be3 Ng4 23. Bg1 Qg5 24. Nf5 Rc2 25. Ned4 Rcc8 26. Qg3 Bxf5 27. Nxf5 Qg6 28. d4 Bf8 29. Rae1 Nf6 30. Qd3 d5 31. exd5 Nxd5 32. Qf3 Rxe1 33. Rxe1 Rd8 34. Re4 Nf6 35. Ne7+ Bxe7 36. Rxe7 h6 37. h3 Rd5 38. Re8+ Kh7 39. Rc8 Ne4 40. Rc5 Nxc5 41. Qxd5 Ne4 42. Qc4 Ng3+ 43. Kh2 Qd6 44. Qd3+ Ne4+ 45. g3 f5 46. Qf3 1/2-1/2

[Event "Olympiad Women-34"]
[Site "Istanbul"]
[Date "2000.11.12"]
[Round "14.1"]
[White "Arribas Robaina, Maritza"]
[Black "Ioseliani, Nana"]
[Result "0-1"]
[WhiteElo "2300"]
[BlackElo "2476"]
[PlyCount "94"]
[EventDate "2000.10.28"]
[EventType "team-swiss"]
[EventRounds "14"]
[EventCountry "TUR"]
[SourceTitle "EXT 2001"]
[Source "ChessBase"]
[SourceDate "2000.11.22"]
[SourceVersion "1"]
[SourceVersionDate "2000.11.22"]
[SourceQuality "1"]
[WhiteTeam "Cuba (W)"]
[BlackTeam "Georgia (W)"]
[WhiteTeamCountry "CUB"]
[BlackTeamCountry "GEO"]

1. e4 c5 2. Nf3 e6 3. Nc3 a6 4. g3 Nc6 5. Bg2 d6 6. 0-0 Nf6 7. d4 cxd4 8. Nxd4 Bd7 9. Nxc6 Bxc6 10. Re1 Be7 11. e5 dxe5 12. Bxc6+ bxc6 13. Rxe5 0-0 14. Qf3 Nd5 15. Re2 Rb8 16. Ne4 f5 17. Nd2 Rf6 18. Nc4 f4 19. Qe4 Qe8 20. Bxf4 Nxf4 21. gxf4 Qh5 22. Rae1 Rbf8 23. f3 Kh8 24. Qxc6 Rxf4 25. Nd2 Bh4 26. Rf1 R4f6 27. Rg2 Bg5 28. Qb7 Rg6 29. f4 Bxf4 30. Kh1 e5 31. c4 h6 32. Qe4 Rxg2 33. Qxg2 Rd8 34. Ne4 Rd1 35. Kg1 Rxf1+ 36. Kxf1 Qd1+ 37. Kf2 Qc2+ 38. Kf3 Qxc4 39. b3 Qd3+ 40. Kg4 Qd1+ 41. Kf5 Qd7+ 42. Kg6 Qe6+ 43. Kh5 Qf5+ 44. Kh4 g5+ 45. Kh5 Kg7 46. b4 Be3 47. a4 Qf7+ 0-1

[Event "Schuhplattler Veterans-Ladies"]
[Site "Munich"]
[Date "2000.07.11"]
[Round "7"]
[White "Ioseliani, Nana"]
[Black "Bouwmeester, Hans"]
[Result "1-0"]
[WhiteElo "2476"]
[BlackElo "2414"]
[PlyCount "61"]
[EventDate "2000.07.04"]
[EventType "schev"]
[EventRounds "10"]
[EventCountry "GER"]
[SourceTitle "CBM 078"]
[Source "ChessBase"]
[SourceDate "2000.10.18"]
[SourceVersion "1"]
[SourceVersionDate "2000.10.18"]
[SourceQuality "1"]

1. d4 Nf6 2. c4 e6 3. Nc3 Bb4 4. e3 0-0 5. Bd3 d5 6. Nge2 c5 7. cxd5 cxd4 8. exd4 Nxd5 9. 0-0 Nc6 10. Be4 Bd6 11. Qd3 h6 12. a3 Nce7 13. Qf3 b6 14. Qh3 f5 15. Bxd5 Nxd5 16. Nxd5 exd5 17. Qf3 Ba6 18. Re1 f4 19. Qxd5+ Rf7 20. Bxf4 Bxf4 21. Nxf4 Qxd5 22. Nxd5 Rd8 23. Ne7+ Kf8 24. Ng6+ Kg8 25. Ne7+ Kf8 26. Nc6 Rd6 27. Rac1 Rc7 28. Nb4 Rxc1 29. Rxc1 Bb5 30. Rd1 a5 31. Na2 1-0

[Event "Schuhplattler Veterans-Ladies"]
[Site "Munich"]
[Date "2000.07.06"]
[Round "3"]
[White "Ioseliani, Nana"]
[Black "Taimanov, Mark E"]
[Result "1-0"]
[WhiteElo "2476"]
[BlackElo "2418"]
[PlyCount "75"]
[EventDate "2000.07.04"]
[EventType "schev"]
[EventRounds "10"]
[EventCountry "GER"]
[SourceTitle "CBM 078"]
[Source "ChessBase"]
[SourceDate "2000.10.18"]
[SourceVersion "1"]
[SourceVersionDate "2000.10.18"]
[SourceQuality "1"]

1. e4 c5 2. Nf3 e6 3. d4 cxd4 4. Nxd4 Nc6 5. Nc3 Qc7 6. Be2 a6 7. 0-0 b5 8. Nxc6 Qxc6 9. Bf3 Qc7 10. Re1 Ne7 11. g3 d6 12. Bf4 e5 13. Be3 Be6 14. Qd2 Nc6 15. a4 bxa4 16. Rxa4 Be7 17. Nd5 Bxd5 18. Qxd5 0-0 19. Rc4 Qa5 20. b4 Qxd5 21. exd5 Nb8 22. Rc7 Bd8 23. Rb7 f5 24. c4 Rf7 25. Rxf7 Kxf7 26. c5 Nd7 27. Ra1 Bf6 28. Ra5 f4 29. gxf4 exf4 30. Bxf4 dxc5 31. d6 Ra7 32. bxc5 Bd8 33. Ra2 Nxc5 34. Be3 Bb6 35. Rb2 Na4 36. Bxb6 Rd7 37. Rb4 Rxd6 38. Bd4 1-0